000 00554nam a2200193Ia 4500
005 20250508162538.0
008 008 250505s9999 xx 000 0 eng d
037 _aTextual
040 _aFEDL
_beng
_cFEDL
041 _aeng
_2eng
084 _a181.4, BHA
_qFEDL
100 _aBhagavan Das
245 0 _aLaws of Manu in the light of Atma- Vidya. Vol 2
260 _aDelhi, India
_bAparna Publications
_c1985
300 _axvi,744p.
650 _aOriental Philosophy
_9755543
942 _cTEXL
_h181.4, BHA
999 _c1377222
_d1377222